Datum a čas kvízu
27
Celkem bodů
Celkový počet nahraných bodů na tomto kvízu bez doplňovacích otázek.
3.
Pořadí na kvízu
Konečné umístění týmu na tomto kvízu.
Zaznamenané odpovědi
| # | Otázka | Odpověď | Body | Výsledky |
|---|---|---|---|---|
| 1. | Do čtvrteční výstražné stávky... | 0 | ||
| 2. | Ve středu jmenoval německý pre... | 0 | ||
| 3. | Na zahájení letošního ročníku... | 0 | ||
| 4. | Nápojářská skupina Kofola kupu... | 0 | ||
| 5. | Minulý týden vyvrcholil presti... | 0 | ||
| 6. | Stephen Hawking, jehož obdivuh... | 0 | ||
| 7. | V 70. letech se Hawking začal... | 1 | ||
| 8. | Hawking se během své vědecké d... | 1 | ||
| 9. | Jako student byl Stephen horli... | 1 | ||
| 10. | V roce 2014 byl britským režis... | 1 |